[Event "FRA Cup 0607"]
[Site "Toulouse"]
[Date "2006.12.17"]
[Round "2.2"]
[White "Jeanjean, Dominique"]
[Black "Vaute, Denis"]
[Result "1-0"]
[WhiteElo "2175"]
[BlackElo "1880"]
[PlyCount "107"]
[EventDate "2007.??.??"]
[EventType "team-match"]
[EventCountry "FRA"]

1. e4 e5 2. d4 exd4 3. Qxd4 Nc6 4. Qe3 d6 5. Nc3 Nf6 6. Bd2 g6 7. O-O-O Bg7 8.
h4 Be6 9. Nh3 Ng4 10. Qg3 Bd4 11. Nd5 Nf6 12. Ng5 Qd7 13. Nxe6 fxe6 14. Nxf6+
Bxf6 15. f4 O-O-O 16. Bc4 Kb8 17. Qa3 Bd4 18. Rh3 d5 19. exd5 exd5 20. Bb5 Qd6
21. Qxd6 Rxd6 22. Rd3 Bf6 23. Bc3 Bxc3 24. bxc3 Ne7 25. Re1 Nf5 26. g4 Nxh4 27.
Rh3 Ng2 28. Rxh7 Rdd8 29. Rxh8 Rxh8 30. Rf1 Rf8 31. f5 gxf5 32. gxf5 Ne3 33.
Rf3 Nc4 34. Bxc4 dxc4 35. Kd2 Kc8 36. Ke3 Kd7 37. Kf4 Kd6 38. Rh3 Rf7 39. Rh6+
Kd5 40. Re6 Rh7 41. Re2 Rh1 42. Rd2+ Kc6 43. f6 Rf1+ 44. Kg5 Rg1+ 45. Kf5 Rf1+
46. Kg6 Rg1+ 47. Kh7 Rf1 48. Kg7 Rg1+ 49. Kf8 a5 50. Rd4 Rg2 51. f7 Rxc2 52.
Rf4 Rxc3 53. Kg7 Rg3+ 54. Kf6 1-0

[Event "FRA Cup 0607"]
[Site "Toulouse"]
[Date "2006.12.17"]
[Round "2"]
[White "Devecchi, Jorge"]
[Black "Ballarin, Christophe"]
[Result "1-0"]
[WhiteElo "1750"]
[BlackElo "2055"]
[PlyCount "101"]
[EventDate "2007.??.??"]
[EventType "team-match"]
[EventCountry "FRA"]

1. e4 c6 2. d4 d5 3. e5 g6 4. c3 Bg7 5. Nd2 Nh6 6. Nb3 O-O 7. h3 f6 8. Bxh6
Bxh6 9. Nf3 fxe5 10. Nxe5 Nd7 11. Ng4 Bg7 12. Bd3 e5 13. dxe5 Nxe5 14. Nxe5
Bxe5 15. Qc2 Qf6 16. Rd1 Be6 17. Nc5 Rae8 18. Nxe6 Rxe6 19. O-O Qh4 20. Rde1
Rfe8 21. Re2 Bc7 22. Rfe1 Qf4 23. g3 Qd6 24. Rxe6 Rxe6 25. Rxe6 Qxe6 26. Qe2
Qd7 27. Kg2 Kg7 28. Qe3 b6 29. Qd4+ Kg8 30. c4 Qg7 31. Qg4 Qf7 32. cxd5 cxd5
33. Bb5 Bd6 34. Bc6 Bc5 35. Qf3 Qxf3+ 36. Kxf3 d4 37. Ke4 Kf7 38. f4 Kf6 39. g4
a5 40. Bb5 Bd6 41. Bd3 h6 42. b3 Bc5 43. Kd5 g5 44. f5 Ke7 45. Ke5 Kf7 46. f6
Ke8 47. Ke6 Bf8 48. Bb5+ Kd8 49. Kf7 Bd6 50. Kg8 Bc5 51. f7 1-0

[Event "FRA Cup 0607"]
[Site "Toulouse"]
[Date "2006.12.17"]
[Round "2.2"]
[White "Salaun, Michel"]
[Black "Le Gouill, Erwann"]
[Result "1-0"]
[WhiteElo "2056"]
[BlackElo "1820"]
[PlyCount "73"]
[EventDate "2007.??.??"]
[EventType "team-match"]
[EventCountry "FRA"]

1. Nf3 Nf6 2. d4 e6 3. c4 b6 4. Nc3 Bb7 5. Bg5 Be7 6. e3 h6 7. Bh4 O-O 8. Bd3
d5 9. O-O Nbd7 10. Re1 c5 11. cxd5 Nxd5 12. Bg3 cxd4 13. exd4 Bb4 14. Qb3 Rc8
15. Rec1 N7f6 16. a3 Nxc3 17. bxc3 Bd6 18. Re1 Bxg3 19. hxg3 Bd5 20. Qb2 Rc7
21. Ne5 Qa8 22. f3 Rfc8 23. c4 Bb7 24. Qe2 Nd7 25. Nxf7 Kxf7 26. Qxe6+ Kf8 27.
Bh7 Nf6 28. Qd6+ Kf7 29. Bf5 Rxc4 30. Re7+ Kg8 31. Qe6+ Kh8 32. Qf7 Rg8 33.
Qxf6 Rc6 34. Qf7 Bc8 35. Be4 Ba6 36. Qf5 g6 37. Qe5+ 1-0

[Event "FRA Cup 0607"]
[Site "Toulouse"]
[Date "2008.02.??"]
[Round "?"]
[White "Pellet, Dominique"]
[Black "Charruyer, Baptiste"]
[Result "0-1"]
[WhiteElo "1240"]
[BlackElo "1580"]
[PlyCount "65"]
[EventDate "2007.??.??"]
[EventType "team-match"]
[EventCountry "FRA"]

1. Nf3 d5 2. d4 Nf6 3. e3 e6 4. c3 Nbd7 5. Nbd2 Be7 6. Bd3 a6 7. O-O c5 8. a3
Qc7 9. Re1 Bd6 10. a4 c4 11. Bc2 a5 12. Rf1 b6 13. Ra2 Bb7 14. Re1 Ng4 15. g3
h5 16. e4 dxe4 17. Bxe4 Rb8 18. Qe2 Ba6 19. Ng5 Ndf6 20. Bf5 Kf8 21. Bxe6 Ra8
22. Qf3 Bb7 23. Qe2 Qe7 24. Nxc4 fxe6 25. Nxe6+ Kf7 26. Ng5+ Kf8 27. Ne6+ Kf7
28. Nxb6 Rae8 29. Nc4 Qxe6 30. Qxe6+ Rxe6 31. Rxe6 Kxe6 32. b4 axb4 33. Re2+
0-1

[Event "FRA Cup 0607"]
[Site "Toulouse"]
[Date "2008.02.??"]
[Round "?"]
[White "Pellet, Dominique"]
[Black "Cwiek, Loic"]
[Result "0-1"]
[WhiteElo "1240"]
[BlackElo "1994"]
[PlyCount "49"]
[EventDate "2007.??.??"]
[EventType "team-match"]
[EventCountry "FRA"]

1. Nf3 d5 2. d4 c6 3. c3 Nf6 4. Nbd2 Bf5 5. e3 e6 6. Nh4 Bg4 7. Be2 Bxe2 8.
Qxe2 a6 9. Nhf3 c5 10. b3 Nc6 11. e4 cxd4 12. cxd4 dxe4 13. Nxe4 Nxd4 14. Nxd4
Qxd4 15. Nxf6+ Qxf6 16. Bb2 Bb4+ 17. Kf1 Qg6 18. Rd1 O-O 19. a3 Ba5 20. b4 Bb6
21. Be5 Rac8 22. g3 Rc2 23. Qf3 Rxf2+ 24. Qxf2 Bxf2 25. Kg2 0-1

[Event "FRA Cup 0607"]
[Site "Toulouse"]
[Date "2008.02.??"]
[Round "?"]
[White "Pokee, Anne Josephe"]
[Black "Lavayssieres, Herve"]
[Result "1-0"]
[WhiteElo "1984"]
[BlackElo "1510"]
[PlyCount "59"]
[EventDate "2007.??.??"]
[EventType "team-match"]
[EventCountry "FRA"]

1. e4 c5 2. Nf3 d6 3. c3 Nc6 4. Be2 Nf6 5. d3 e6 6. O-O Be7 7. Bf4 Qc7 8. Nbd2
O-O 9. Rc1 e5 10. Bg3 Bd7 11. d4 cxd4 12. cxd4 Qd8 13. dxe5 dxe5 14. Nxe5 Nxe5
15. Bxe5 Be6 16. a3 Rc8 17. Rc3 Bd6 18. Rxc8 Bxc8 19. Bc3 Re8 20. Bf3 Be5 21.
Bxe5 Rxe5 22. Nc4 Qxd1 23. Rxd1 Re8 24. e5 Nd7 25. Nd6 Rxe5 26. Nxc8 g6 27. h3
Nc5 28. b4 a5 29. bxc5 Rxc5 30. Nb6 1-0

[Event "FRA Cup 0405"]
[Site "FRA"]
[Date "2005.01.16"]
[Round "?"]
[White "Le Gallen, Luc"]
[Black "Canivet, Christophe"]
[Result "1/2-1/2"]
[WhiteElo "2100"]
[BlackElo "1951"]
[PlyCount "62"]
[EventDate "2005.03.06"]
[EventType "team-match"]
[EventCountry "FRA"]

1. d4 e6 2. c4 d5 3. Nc3 Nf6 4. Bg5 Be7 5. Nf3 Nbd7 6. e3 b6 7. cxd5 Nxd5 8.
Bxe7 Nxe7 9. Bd3 Bb7 10. O-O O-O 11. Rc1 c5 12. Ne4 Ng6 13. dxc5 Nxc5 14. Nxc5
Bxf3 15. Qxf3 bxc5 16. Rfd1 Qg5 17. Bxg6 hxg6 18. Rd7 Qe5 19. Qe2 Rfd8 20. Rcd1
Rxd7 21. Rxd7 c4 22. g3 a5 23. Rb7 Rc8 24. Qf3 f6 25. Qd1 Rb8 26. Rxb8+ Qxb8
27. Qd7 e5 28. Qe6+ Kh7 29. Qh3+ Kg8 30. Qe6+ Kh7 31. Qh3+ Kg8 1/2-1/2

[Event "FRA Cup 0405"]
[Site "FRA"]
[Date "2004.??.??"]
[Round "1"]
[White "Noire, Eric"]
[Black "Dauris, Jean Marc"]
[Result "1-0"]
[WhiteElo "2200"]
[BlackElo "2030"]
[PlyCount "75"]
[EventDate "2005.03.06"]
[EventType "team-match"]
[EventCountry "FRA"]

1. e4 e6 2. b3 d5 3. Bb2 d4 4. f4 c5 5. Nf3 Nc6 6. Bb5 Bd7 7. O-O a6 8. Bxc6
Bxc6 9. d3 Nf6 10. Ne5 Qc7 11. Nd2 b5 12. Ndf3 h6 13. f5 Bb7 14. fxe6 fxe6 15.
Ng6 Rg8 16. Bc1 Nd7 17. Bf4 Bd6 18. e5 Be7 19. Bg3 Nf8 20. Nxe7 Qxe7 21. b4 g5
22. bxc5 g4 23. c6 Bxc6 24. Nxd4 Bb7 25. c3 h5 26. Rf6 O-O-O 27. a4 Qc5 28.
axb5 axb5 29. Rb1 Rxd4 30. cxd4 Qxd4+ 31. Bf2 Qd5 32. Qf1 Ng6 33. d4 Bc6 34.
Rc1 h4 35. Rc5 Qe4 36. Rxe6 g3 37. Rexc6+ Kb7 38. Qxb5+ 1-0

[Event "FRA Cup 0405"]
[Site "FRA"]
[Date "2004.12.12"]
[Round "1"]
[White "Touvron, Fabrice"]
[Black "Orlandi, Xavier"]
[Result "1/2-1/2"]
[WhiteElo "1868"]
[BlackElo "2093"]
[PlyCount "69"]
[EventDate "2005.03.06"]
[EventType "team-match"]
[EventCountry "FRA"]

1. c4 Nf6 2. Nc3 d5 3. cxd5 Nxd5 4. g3 Nxc3 5. bxc3 Bd7 6. Bg2 Bc6 7. Nf3 e6 8.
Qc2 Be7 9. e4 O-O 10. O-O b6 11. d4 Bb7 12. Rd1 Qc8 13. c4 Na6 14. a3 f5 15.
exf5 exf5 16. Bf4 Bf6 17. Rac1 Be4 18. Qa4 Qb7 19. Ne1 Bxg2 20. Nxg2 Rad8 21.
Be3 g5 22. d5 Be7 23. Qc2 Nc5 24. Bxc5 Bxc5 25. Qd2 h6 26. Qd3 Rde8 27. Re1 Qc8
28. h4 Qd7 29. hxg5 hxg5 30. Rxe8 Rxe8 31. Re1 Rxe1+ 32. Nxe1 Qe7 33. Nc2 Qe5
34. Ne3 Bxe3 35. Qxe3 1/2-1/2

[Event "FRA Cup 0405"]
[Site "FRA"]
[Date "2005.03.06"]
[Round "?"]
[White "Bareyre, Patrick"]
[Black "Martinet, Regis"]
[Result "1-0"]
[WhiteElo "2147"]
[BlackElo "2037"]
[PlyCount "31"]
[EventDate "2005.03.06"]
[EventType "team-match"]
[EventCountry "FRA"]

1. d4 f5 2. e4 fxe4 3. Nc3 Nf6 4. Bg5 d5 5. Bxf6 exf6 6. Qh5+ g6 7. Qxd5 Bb4 8.
Qxe4+ Kf7 9. Bc4+ Kg7 10. O-O-O Re8 11. Qf3 Nc6 12. Nd5 Bd6 13. Ne3 Bd7 14. h4
Qe7 15. h5 Qe4 16. h6+ 1-0

[Event "FRA Cup 0405"]
[Site "FRA"]
[Date "2005.03.06"]
[Round "?"]
[White "Lecoq, Julien"]
[Black "Argandona Riveiro, Inigo"]
[Result "0-1"]
[WhiteElo "2075"]
[BlackElo "2359"]
[PlyCount "46"]
[EventDate "2005.03.06"]
[EventType "team-match"]
[EventCountry "FRA"]

1. e4 g6 2. d4 c6 3. Nc3 d5 4. Nf3 Bg7 5. h3 Nh6 6. Bg5 O-O 7. Qd2 dxe4 8. Nxe4
Nf5 9. c3 Be6 10. Nc5 Bd5 11. Nxb7 Qb6 12. Nc5 Bxf3 13. gxf3 e5 14. Be3 exd4
15. cxd4 Rd8 16. Nb3 Nxd4 17. Nxd4 Bxd4 18. Rd1 c5 19. b4 Nc6 20. bxc5 Bxc5 21.
Bxc5 Qxc5 22. Rc1 Qb6 23. Qc3 Re8+ 0-1

[Event "FRA Cup 0405"]
[Site "FRA"]
[Date "2005.03.06"]
[Round "?"]
[White "Olaizola Ortega, Luis"]
[Black "Aout, Sebastien"]
[Result "1/2-1/2"]
[WhiteElo "2194"]
[BlackElo "2226"]
[PlyCount "43"]
[EventDate "2005.03.06"]
[EventType "team-match"]
[EventCountry "FRA"]

1. d4 d5 2. Nf3 e6 3. c4 dxc4 4. e3 c5 5. Bxc4 a6 6. a4 Nf6 7. O-O Nc6 8. Qe2
cxd4 9. Rd1 Be7 10. Nxd4 Nxd4 11. Rxd4 Qc7 12. Nc3 O-O 13. e4 b6 14. e5 Nd7 15.
Bf4 Bb7 16. Rc1 Rfd8 17. Ne4 Bxe4 18. Qxe4 Nc5 19. Rxd8+ Rxd8 20. Qe2 a5 21. b3
Rd4 22. Qf3 1/2-1/2

[Event "FRA Cup 0405"]
[Site "FRA"]
[Date "2006.??.??"]
[Round "2"]
[White "Ady, Jonathan"]
[Black "Prie, Eric"]
[Result "0-1"]
[WhiteElo "2396"]
[BlackElo "2518"]
[PlyCount "78"]
[EventDate "2005.03.06"]
[EventType "team-match"]
[EventCountry "FRA"]

1. e4 d5 2. exd5 Qxd5 3. Nc3 Qa5 4. d4 Nf6 5. Nf3 c6 6. Bc4 Bf5 7. Bd2 e6 8.
Nd5 Qd8 9. Nxf6+ gxf6 10. Bb3 Nd7 11. Qe2 Qc7 12. Nh4 Bg6 13. O-O-O O-O-O 14.
g3 Kb8 15. Bf4 Bd6 16. Bxd6 Qxd6 17. f4 f5 18. c4 Nf6 19. Bc2 Bh5 20. Nf3 Rd7
21. Rd3 Rhd8 22. Rhd1 Ka8 23. Rb3 Qf8 24. h3 Bxf3 25. Rxf3 Rxd4 26. Rxd4 Rxd4
27. Qe5 Qd8 28. b3 a6 29. Rf2 Ne4 30. Rg2 Rd6 31. g4 f6 32. Qb2 Qb6 33. Qa3
Qe3+ 34. Kb2 Qd4+ 35. Kc1 c5 36. gxf5 exf5 37. Qa5 Ka7 38. Rg7 Qa1+ 39. Bb1 Rd2
0-1

[Event "FRA Cup 0405"]
[Site "FRA"]
[Date "2004.02.10"]
[Round "2"]
[White "Cornette, Matthieu"]
[Black "Prie, Eric"]
[Result "1/2-1/2"]
[WhiteElo "2392"]
[BlackElo "2429"]
[PlyCount "30"]
[EventDate "2005.03.06"]
[EventType "team-match"]
[EventCountry "FRA"]

1. e4 d5 2. exd5 Qxd5 3. Nc3 Qa5 4. Bc4 Nf6 5. d4 Bg4 6. Nge2 Nbd7 7. f3 Bf5 8.
g4 Bg6 9. h4 h6 10. Nf4 e5 11. Nxg6 fxg6 12. Bd2 O-O-O 13. d5 Nb6 14. Qe2 Nxc4
15. Qxc4 Nxd5 1/2-1/2

[Event "FRA Cup 0405"]
[Site "FRA"]
[Date "2004.02.10"]
[Round "2"]
[White "Short, Nigel D"]
[Black "Prie, Eric"]
[Result "1-0"]
[WhiteElo "2712"]
[BlackElo "2429"]
[PlyCount "23"]
[EventDate "2005.03.06"]
[EventType "team-match"]
[EventCountry "FRA"]

1. e4 d5 2. exd5 Qxd5 3. Nc3 Qa5 4. Bc4 Nf6 5. d3 Bg4 6. f3 Bd7 7. Bd2 Qb6 8.
f4 e6 9. Nf3 Bd6 10. Qe2 O-O 11. Ne5 Be8 12. g4 {Partie incomplete} 1-0

[Event "FRA Cup 0405"]
[Site "FRA"]
[Date "2004.01.18"]
[Round "5.3"]
[White "Guilbert, Jean Louis"]
[Black "Therkildsen, Thomas"]
[Result "0-1"]
[WhiteElo "2093"]
[BlackElo "2199"]
[PlyCount "44"]
[EventDate "2005.03.06"]
[EventType "team-match"]
[EventCountry "FRA"]

1. d4 Nf6 2. c4 e6 3. Nc3 Bb4 4. e3 b6 5. Nge2 c5 6. a3 Ba5 7. Bd2 O-O 8. g3
Bxc3 9. Nxc3 cxd4 10. exd4 Bb7 11. d5 Qc8 12. Bg5 exd5 13. cxd5 Re8+ 14. Be3 d6
15. Bg2 Ba6 16. Rc1 Qf5 17. Qf3 Qg6 18. Bf1 Bxf1 19. Kxf1 Nbd7 20. Kg2 Ne5 21.
Qe2 Nd3 22. Rcf1 Nf4+ 0-1

[Event "FRA Cup 0405"]
[Site "FRA"]
[Date "2004.03.14"]
[Round "7.2"]
[White "Guilbert, Jean Louis"]
[Black "Boillon, Vincent"]
[Result "1/2-1/2"]
[WhiteElo "2100"]
[BlackElo "2095"]
[PlyCount "74"]
[EventDate "2005.03.06"]
[EventType "team-match"]
[EventCountry "FRA"]

1. d4 Nf6 2. c4 g6 3. Nc3 d5 4. cxd5 Nxd5 5. e4 Nxc3 6. bxc3 Bg7 7. Nf3 c5 8.
Be3 O-O 9. Rc1 Qa5 10. Qd2 Rd8 11. d5 Bg4 12. c4 Qa3 13. Qd3 Qxa2 14. Nd2 Na6
15. h3 Bd7 16. f4 Nb4 17. Qb3 b6 18. e5 e6 19. d6 f6 20. Qc3 fxe5 21. fxe5 Ba4
22. Be2 Nc2+ 23. Kf2 Rf8+ 24. Bf3 Nxe3 25. Qxe3 Bc6 26. Rhe1 Rf5 27. Qc3 Qa6
28. Kg1 Bxf3 29. Nxf3 Raf8 30. Qd3 Qb7 31. Rcd1 Qd7 32. Re2 a6 33. Ra1 Qb7 34.
Qa3 Ra8 35. Rd1 Qc6 36. Qd3 Qd7 37. Rb1 Rb8 {Nulle.} 1/2-1/2

[Event "Open de Cambrai 2010"]
[Site "Cambrai"]
[Date "2010.??.??"]
[Round "1"]
[White "Simon, Olivier"]
[Black "Pizzo, Cyril"]
[Result "1-0"]
[WhiteElo "2332"]
[BlackElo "1828"]
[PlyCount "87"]
[EventDate "2010.06.??"]
[EventType "swiss"]
[EventRounds "6"]
[EventCountry "FRA"]

1. e4 e6 2. d4 d5 3. Nc3 Nf6 4. e5 Nfd7 5. f4 c5 6. Nf3 Nc6 7. Be3 Qb6 8. Na4
Qa5+ 9. c3 c4 10. b4 Qc7 11. Nb2 Qb6 12. a3 Be7 13. Be2 O-O 14. O-O f6 15. Qd2
f5 16. Nxc4 Qc7 17. Nb2 Nb6 18. Bd3 Bd7 19. Qe2 a6 20. g4 g6 21. gxf5 exf5 22.
c4 Be6 23. c5 Nd7 24. Na4 Kg7 25. Bc2 h6 26. Bb3 Bd8 27. Qa2 Ne7 28. Nc3 Qc6
29. a4 Nb6 30. Nd2 g5 31. fxg5 f4 32. Bxf4 Nf5 33. gxh6+ Kh8 34. Nf3 Rg8+ 35.
Kh1 Nc4 36. Rg1 Bh4 37. h7 Kxh7 38. Nxh4 Nxh4 39. Qf2 Nf5 40. Qf3 Ng7 41. Bxc4
Rad8 42. Bd3+ Kh8 43. Rg6 Bf5 44. Bxf5 1-0

[Event "Open de Cambrai 2010"]
[Site "Cambrai"]
[Date "2010.??.??"]
[Round "1"]
[White "Rachenne, Romain"]
[Black "Dermenghem, Thomas"]
[Result "1/2-1/2"]
[WhiteElo "1711"]
[BlackElo "1863"]
[PlyCount "58"]
[EventDate "2010.06.??"]
[EventType "swiss"]
[EventRounds "6"]
[EventCountry "FRA"]

1. e4 e6 2. d4 d5 3. Nc3 Nf6 4. Bg5 Bb4 5. e5 h6 6. Bd2 Bxc3 7. Bxc3 Ne4 8. Bd3
Nxc3 9. bxc3 c5 10. dxc5 Qa5 11. Qd2 Nc6 12. Nf3 Qxc5 13. O-O Bd7 14. Rab1 b6
15. Bb5 Nxe5 16. Nxe5 Bxb5 17. Rfe1 Bc4 18. Qf4 Qc7 19. Qf3 O-O 20. Qh5 Bxa2
21. Rbd1 Qe7 22. h4 Rac8 23. Re3 Rc7 24. Ng4 Kh7 25. Rg3 Rc4 26. Rd4 Rxd4 27.
cxd4 Rg8 28. Rf3 f6 29. Rxf6 Rf8 1/2-1/2

[Event "Open de Cambrai 2010"]
[Site "Cambrai"]
[Date "2010.??.??"]
[Round "1"]
[White "Garcia, Diego"]
[Black "Honore, Adrien"]
[Result "1/2-1/2"]
[WhiteElo "1560"]
[BlackElo "1380"]
[PlyCount "56"]
[EventDate "2010.06.??"]
[EventType "swiss"]
[EventRounds "6"]
[EventCountry "FRA"]

1. d4 d5 2. c4 dxc4 3. g3 Nf6 4. Bg2 e6 5. Nf3 Be7 6. Qa4+ Bd7 7. Qxc4 O-O 8.
O-O Bc6 9. Rd1 Nbd7 10. Bf4 Nb6 11. Qc2 Qd5 12. Nc3 Qd8 13. e4 Bb4 14. Ne5 Be8
15. Rac1 Bd6 16. Bg5 h6 17. Bxf6 Qxf6 18. Nf3 e5 19. dxe5 Bxe5 20. Nxe5 Qxe5
21. Nd5 Bc6 22. Nxb6 axb6 23. f4 Qe7 24. Ra1 Rfd8 25. Rxd8+ Qxd8 26. Rd1 Qe7
27. b3 Rd8 28. Rd2 Rxd2 1/2-1/2

[Event "Open de Cambrai 2010"]
[Site "Cambrai"]
[Date "2010.??.??"]
[Round "1"]
[White "Labbe, Regis"]
[Black "Rodrigues, Michel"]
[Result "1-0"]
[WhiteElo "1830"]
[BlackElo "1653"]
[PlyCount "95"]
[EventDate "2010.06.??"]
[EventType "swiss"]
[EventRounds "6"]
[EventCountry "FRA"]

1. Nf3 d5 2. d4 Nf6 3. c4 c6 4. Nc3 e6 5. Bg5 Be7 6. e3 O-O 7. Bd3 dxc4 8. Bxc4
Nbd7 9. O-O b5 10. Bd3 Bb7 11. e4 a6 12. e5 Nd5 13. Ne4 Bxg5 14. Nfxg5 h6 15.
Nxf7 Rxf7 16. Nd6 Rf8 17. Nxb7 Qb6 18. Nd6 Kh8 19. Qg4 Nf4 20. Bg6 Qxd4 21.
Rad1 Qxe5 22. Nf7+ Rxf7 23. Bxf7 Nf6 24. Qf3 Ne2+ 25. Kh1 Nd4 26. Qg3 Qc5 27.
Qe3 e5 28. h3 Rd8 29. g4 Rf8 30. Bg6 Qd5+ 31. f3 Qxa2 32. Qxe5 Ne6 33. Rd6 Qc4
34. Bd3 Qf4 35. Rxe6 Qxe5 36. Rxe5 Nd7 37. Re7 Nc5 38. Bg6 Kg8 39. Kg2 a5 40.
Rc1 Nb3 41. Rxc6 Rd8 42. Rcc7 Rd2+ 43. Kg3 Rd8 44. Rxg7+ Kh8 45. Rh7+ Kg8 46.
Rhd7 Rb8 47. Bf7+ Kf8 48. Bxb3 1-0

[Event "Open de Cambrai 2010"]
[Site "Cambrai"]
[Date "2010.??.??"]
[Round "1"]
[White "Faille, Alex"]
[Black "Boguslavskij, Taras"]
[Result "0-1"]
[WhiteElo "1752"]
[BlackElo "1973"]
[PlyCount "58"]
[EventDate "2010.06.??"]
[EventType "swiss"]
[EventRounds "6"]
[EventCountry "FRA"]

1. e4 c5 2. Nf3 d6 3. d4 cxd4 4. Nxd4 Nf6 5. Nc3 g6 6. Bg5 Bg7 7. f4 O-O 8. Qd3
Nc6 9. O-O-O Qb6 10. Nb3 Be6 11. Nd5 Bxd5 12. exd5 Nb4 13. Qf3 Rac8 14. Bd3
Nxa2+ 15. Kb1 Nb4 16. Rhe1 Rfe8 17. Qh3 Nfxd5 18. f5 Nxd3 19. Rxd3 Nb4 20. fxg6
hxg6 21. Rxe7 Nxd3 22. Qxd3 Rxe7 23. Bxe7 Be5 24. Qh3 Qg1+ 25. Ka2 Rc6 26. Na5
Rxc2 27. Nc4 Rxc4 28. Qd7 Qf2 29. Qc8+ Rxc8 0-1

[Event "Open de Cambrai 2010"]
[Site "Cambrai"]
[Date "2010.??.??"]
[Round "1"]
[White "Selva, Thierry"]
[Black "Jadin, Yves"]
[Result "0-1"]
[WhiteElo "1919"]
[BlackElo "1750"]
[PlyCount "111"]
[EventDate "2010.06.??"]
[EventType "swiss"]
[EventRounds "6"]
[EventCountry "FRA"]

1. e4 e5 2. f4 Qf6 3. Nf3 d6 4. Nc3 Bg4 5. Nd5 Qd8 6. Bc4 c6 7. Ne3 Bxf3 8.
Qxf3 exf4 9. Qxf4 Qf6 10. Qg4 Nd7 11. Rf1 Ne5 12. Qe2 Qh4+ 13. Qf2 Qxf2+ 14.
Rxf2 Nxc4 15. Nxc4 f6 16. d4 O-O-O 17. Bf4 d5 18. exd5 Rxd5 19. O-O-O g5 20.
Bg3 h5 21. h4 gxh4 22. Bxh4 Bh6+ 23. Kb1 Bg5 24. g3 Nh6 25. c3 Ng4 26. Re2 Bxh4
27. gxh4 Rf8 28. Rf1 Kd7 29. Rf4 Re8 30. Rxe8 Kxe8 31. b4 Rd7 32. Rf5 Kf7 33.
Rxh5 Kg6 34. Rc5 Nf2 35. h5+ Kh6 36. Rf5 Ne4 37. Kc2 Rf7 38. Ne5 Rg7 39. Nf3
Rg2+ 40. Kd3 Nf2+ 41. Kc4 Ne4 42. a4 Nd6+ 43. Kd3 Nxf5 44. c4 Rg3 45. Ke4 Rxf3
46. Kxf3 Nxd4+ 47. Ke4 Nc2 48. Kf5 Nxb4 49. Kxf6 a5 50. Ke6 Kxh5 51. Kd6 Na6
52. Kd7 Nc5+ 53. Kc7 Nxa4 54. Kxb7 Nb2 55. Kxc6 a4 56. Kb7 0-1

[Event "Open de Cambrai 2010"]
[Site "Cambrai"]
[Date "2010.??.??"]
[Round "1"]
[White "Blampin, Cedric"]
[Black "Schartz, Alain"]
[Result "0-1"]
[WhiteElo "1800"]
[BlackElo "2157"]
[PlyCount "100"]
[EventDate "2010.06.??"]
[EventType "swiss"]
[EventRounds "6"]
[EventCountry "FRA"]

1. e4 c5 2. Nf3 Nc6 3. Nc3 g6 4. Bc4 Bg7 5. O-O d6 6. h3 Nf6 7. Re1 O-O 8. a4
b6 9. d3 Bb7 10. Bg5 h6 11. Bxf6 Bxf6 12. Qd2 Kh7 13. Rab1 Rc8 14. Nd5 Bg7 15.
Ne3 e6 16. c3 Ne7 17. Ba2 Qc7 18. Ng4 f5 19. Nxh6 Bxh6 20. Ng5+ Bxg5 21. Qxg5
e5 22. Be6 Rce8 23. Re3 f4 24. Re2 Nc6 25. Ba2 Bc8 26. Bd5 Qe7 27. Qxe7+ Nxe7
28. Bc4 f3 29. gxf3 Rxf3 30. Re3 Ref8 31. Rxf3 Rxf3 32. b4 cxb4 33. cxb4 Bb7
34. Rc1 Bc8 35. Kg2 Rf8 36. Bb5 Kg7 37. Rc7 Kf6 38. Rxa7 Rh8 39. a5 Bxh3+ 40.
Kg3 bxa5 41. bxa5 Bc8 42. a6 g5 43. Bd7 Bxd7 44. Rxd7 Ke6 45. Rb7 Ra8 46. a7
Nc6 47. Rg7 Rxa7 48. Rxg5 Ra3 49. Rg6+ Kd7 50. Rg7+ Ne7 0-1

[Event "Open de Cambrai 2010"]
[Site "Cambrai"]
[Date "2010.??.??"]
[Round "1"]
[White "Mueller, David"]
[Black "Krotkiewski, Jean Paul"]
[Result "1-0"]
[WhiteElo "1625"]
[BlackElo "1430"]
[PlyCount "87"]
[EventDate "2010.06.??"]
[EventType "swiss"]
[EventRounds "6"]
[EventCountry "FRA"]

1. e4 c5 2. d4 cxd4 3. c3 dxc3 4. Nxc3 d6 5. Bc4 e6 6. Bf4 Nc6 7. Nf3 Nf6 8.
O-O Qb6 9. b3 Be7 10. Bxd6 O-O 11. e5 Nd7 12. Bb5 Bxd6 13. exd6 a6 14. Bd3 Nce5
15. Na4 Nxf3+ 16. gxf3 Qa5 17. f4 b5 18. Nb2 Bb7 19. h3 Qa3 20. Qd2 f5 21. Be2
Bd5 22. Kh2 Qxd6 23. Rg1 e5 24. Rad1 Nb6 25. Nc4 bxc4 26. Bxc4 Nxc4 27. bxc4
exf4 28. Qxd5+ Qxd5 29. Rxd5 Rab8 30. Rd2 Rb4 31. Rc1 g6 32. c5 Rb7 33. Rd6 Rb2
34. c6 Rxf2+ 35. Kg1 Re2 36. c7 Ree8 37. Rxa6 Kg7 38. Ra7 Kh6 39. Ra4 Kg5 40.
Rd4 Rc8 41. Rd7 Rh8 42. a4 Ra8 43. Rd4 Rhe8 44. Rb1 1-0

[Event "Open de Cambrai 2010"]
[Site "Cambrai"]
[Date "2010.??.??"]
[Round "2"]
[White "Coeuret, Axel"]
[Black "Gallaud, Serge"]
[Result "0-1"]
[WhiteElo "1199"]
[BlackElo "1610"]
[PlyCount "44"]
[EventDate "2010.06.??"]
[EventType "swiss"]
[EventRounds "6"]
[EventCountry "FRA"]

1. e4 c5 2. Nf3 d6 3. Nc3 a6 4. d4 cxd4 5. Nxd4 Nf6 6. Bc4 b5 7. Bd3 Bb7 8. O-O
e6 9. f4 Nbd7 10. e5 dxe5 11. fxe5 Nxe5 12. Be2 Bc5 13. a4 Bxd4+ 14. Kh1 b4 15.
Bf3 Bxf3 16. gxf3 bxc3 17. bxc3 Bxc3 18. Ba3 Bxa1 19. Qxa1 Qd5 20. Bb2 Nxf3 21.
Bxf6 Ne1+ 22. Kg1 Qg2# 0-1

[Event "Open de Cambrai 2010"]
[Site "Cambrai"]
[Date "2010.??.??"]
[Round "2"]
[White "Rodrigues, Michel"]
[Black "Ter Waarbeek, Jan"]
[Result "1-0"]
[WhiteElo "1653"]
[BlackElo "1299"]
[PlyCount "83"]
[EventDate "2010.06.??"]
[EventType "swiss"]
[EventRounds "6"]
[EventCountry "FRA"]

1. e4 e5 2. Nf3 Nc6 3. d4 exd4 4. Nxd4 Nf6 5. Bg5 Be7 6. Bxf6 Bxf6 7. c3 d5 8.
Nxc6 bxc6 9. exd5 cxd5 10. Bb5+ Bd7 11. Bxd7+ Qxd7 12. O-O O-O 13. Nd2 Rae8 14.
Nf3 c5 15. Qc2 d4 16. cxd4 cxd4 17. Rfd1 Rd8 18. Rd3 Rc8 19. Qb3 Rb8 20. Qc2
Rfc8 21. Qd2 Rd8 22. Rd1 Rbc8 23. h3 Be7 24. Nxd4 Rc5 25. Nf3 Qxd3 26. Qxd3
Rxd3 27. Rxd3 Rc2 28. Rd2 Rxd2 29. Nxd2 Kf8 30. Kf1 Bf6 31. b3 Ke7 32. Ke2 Ke6
33. Kd3 Kf5 34. g3 g5 35. Ne4 h5 36. Nxf6 Kxf6 37. Ke4 Kg6 38. b4 f5+ 39. Ke5
h4 40. gxh4 gxh4 41. Kf4 Kf6 42. a4 1-0

[Event "Open de Cambrai 2010"]
[Site "Cambrai"]
[Date "2010.??.??"]
[Round "2"]
[White "Chevance, Gerard"]
[Black "Rachenne, Romain"]
[Result "0-1"]
[WhiteElo "1684"]
[BlackElo "1711"]
[PlyCount "86"]
[EventDate "2010.06.??"]
[EventType "swiss"]
[EventRounds "6"]
[EventCountry "FRA"]

1. d4 d5 2. c4 c6 3. Nc3 Nf6 4. Nf3 Bg4 5. e3 e6 6. Be2 Nbd7 7. O-O Bd6 8. cxd5
cxd5 9. Bd2 O-O 10. Rc1 Rc8 11. Qb3 Qb6 12. Qxb6 Nxb6 13. Nb5 Bb8 14. h3 Bh5
15. Bb4 Rfd8 16. Be7 Rd7 17. Bxf6 gxf6 18. Rxc8+ Nxc8 19. Rc1 Nb6 20. Kf1 a6
21. Na3 Bd6 22. Nb1 Bg6 23. Nbd2 f5 24. Bd3 f4 25. e4 Bb4 26. a3 Bxd2 27. Nxd2
dxe4 28. Nxe4 Rxd4 29. Nf6+ Kg7 30. Bxg6 Kxg6 31. Ng4 f6 32. Ke2 Nc4 33. Rc2 h5
34. Nh2 Ne5 35. f3 b5 36. Nf1 Nc4 37. Kf2 Rd3 38. a4 Rb3 39. axb5 axb5 40. Nd2
Rxb2 41. Rxb2 Nxb2 42. Nb3 e5 43. Nc5 Na4 0-1